Success in electronics. -- 2nd ed. (Record no. 80797)

MARC details
000 -LEADER
fixed length control field 01504nam a2200253 a 4500
008 - FIXED-LENGTH DATA ELEMENTS--GENERAL INFORMATION
fixed length control field 100118s1997 ||||||||||||||||| || u
020 ## - INTERNATIONAL STANDARD BOOK NUMBER
International Standard Book Number 9780719572050
050 ## - LIBRARY OF CONGRESS CALL NUMBER
Classification number TK 7860 Dun
100 ## - MAIN ENTRY--PERSONAL NAME
Personal name Duncan, Tom
245 10 - TITLE STATEMENT
Title Success in electronics. -- 2nd ed.
Statement of responsibility, etc. by Tom Duncan
250 ## - EDITION STATEMENT
Edition statement 2nd ed.
260 ## - PUBLICATION, DISTRIBUTION, ETC.
Place of publication, distribution, etc. London:
Name of publisher, distributor, etc. Hodder Education
Date of publication, distribution, etc. 1997
300 ## - PHYSICAL DESCRIPTION
Extent ix, 404p.: ill
350 ## -
-- 0.00
490 ## -
-- Success study books
650 #0 - SUBJECT ADDED ENTRY--TOPICAL TERM
Topical term or geographic name entry element ELECTRONICS
650 ## - SUBJECT ADDED ENTRY--TOPICAL TERM
Topical term or geographic name entry element ELECTRONICS--STUDY AND TEACHING
995 ## -
-- MAIN LIBRARY OPEN ACCESS
-- 743698
-- CBU-MAIN LIBRARY (Kitwe)
-- 0.00
-- TK 7860 Dun
-- 2
-- AVAILABLE
-- Jun 14, 2013
-- 743698
-- Main Library Open Access Collection
995 ## -
-- MAIN LIBRARY OPEN ACCESS
-- 743700
-- CBU-MAIN LIBRARY (Kitwe)
-- 0.00
-- TK 7860 Dun
-- 4
-- AVAILABLE
-- Jun 14, 2013
-- 743700
-- Main Library Open Access Collection
995 ## -
-- ANNEX COLLECTION (Main Library)
-- 744283
-- CBU-MAIN LIBRARY (Kitwe)
-- 0.00
-- TK 7860 Dun
-- 6
-- AVAILABLE
-- Oct 11, 2013
-- 744283
-- Annex Low-Usage Collection
995 ## -
-- ANNEX COLLECTION (Main Library)
-- 0.00
-- 740618
-- CBU-MAIN LIBRARY (Kitwe)
-- 1
-- 0.00
-- TK 7860 DUN
-- 1
-- AVAILABLE
-- Mar 3, 2010
-- 740618
-- Annex Low-Usage Collection
995 ## -
-- MAIN LIBRARY OPEN ACCESS
-- 743699
-- CBU-MAIN LIBRARY (Kitwe)
-- 0.00
-- TK 7860 Dun
-- 3
-- AVAILABLE
-- Jun 14, 2013
-- 743699
-- Main Library Open Access Collection
995 ## -
-- MAIN LIBRARY OPEN ACCESS
-- 744282
-- CBU-MAIN LIBRARY (Kitwe)
-- 0.00
-- TK 7860 Dun
-- 5
-- AVAILABLE
-- Oct 11, 2013
-- 744282
-- Main Library Open Access Collection
999 ## -
-- 80797
-- 80797
Holdings
Withdrawn status Lost status Source of classification or shelving scheme Damaged status Not for loan Permanent Location Current Location Shelving location Date acquired Total Checkouts Full call number Barcode Date last seen Copy number Price effective from Koha item type
          CBU-MAIN LIBRARY, KITWE. CBU-MAIN LIBRARY, KITWE.   07/11/2023   TK 7860 Dun 743698 07/11/2023 1 07/11/2023 MONOGRAPH
          CBU-MAIN LIBRARY, KITWE. CBU-MAIN LIBRARY, KITWE.   07/11/2023   TK 7860 Dun 743700 07/11/2023 2 07/11/2023 MONOGRAPH
          CBU-MAIN LIBRARY, KITWE. CBU-MAIN LIBRARY, KITWE.   07/11/2023   TK 7860 Dun 744283 07/11/2023 3 07/11/2023 MONOGRAPH
          CBU-MAIN LIBRARY, KITWE. CBU-MAIN LIBRARY, KITWE.   07/11/2023   TK 7860 Dun 740618 07/11/2023 4 07/11/2023 MONOGRAPH
          CBU-MAIN LIBRARY, KITWE. CBU-MAIN LIBRARY, KITWE.   07/11/2023   TK 7860 Dun 743699 07/11/2023 5 07/11/2023 MONOGRAPH
          CBU-MAIN LIBRARY, KITWE. CBU-MAIN LIBRARY, KITWE.   07/11/2023   TK 7860 Dun 744282 07/11/2023 6 07/11/2023 MONOGRAPH